000 00534nam a2200145Ia 4500
008 100122s9999 xx 000 0 und d
082 _b31023
_a923.654
100 _aमिरजकर एस एस
245 _aअंधारातून प्रकाशाकडे
260 _bलोकमान्य गृह प्रा. लि
_c1980
300 _a223
630 _aअंधारातून प्रकाशाकडे
730 _aअंधारातून प्रकाशाकडे
942 _cBOOK
999 _c415785
_d415782